Football Teams Tim Krul Played For - Statistics

General Stats
  • This quiz has been taken 14 times
  • The average score is 7 of 10
Answer Stats
Team % Correct
Newcastle United
100%
Netherlands
92%
Ajax
83%
Jong Ajax
83%
Norwich City
83%
AZ Alkmaar
58%
Falkirk
58%
Luton Town
58%
Carlisle United
42%
Brighton & Hove Albion
33%
No matching quizzes found
Score Distribution
Percent of People with Each Score
Percentile by Number Answered
Your Score History
You have not taken this quiz